Fotos de capitales europeas – ¡Muerte Súbita! - Estadísticas

Estadísticas generales
  • Esta prueba ha sido intentada 65 veces
  • La puntuación promedio es 12 de 20
Answers on the Grid
Answers color-coded by a green-red scale on the quiz's grid according to % correct below.
 
Estadísticas de respuestas
Respuesta % Correcto
Rome
94%
Berlin
92%
Paris
85%
Amsterdam
81%
Madrid
81%
Prague
69%
Tallinn
63%
Riga
60%
Copenhague
60%
Bern
58%
Monaco
58%
Vienne
56%
Bruxelles
50%
Stockholm
48%
Bratislava
48%
Lisbonne
46%
Vaduz
44%
Dublin
33%
Helsinki
33%
Oslo
23%
No se encontraron pruebas coincidentes
Distribución de puntuación
Porcentaje de gente con cada puntuación
Porcentaje por número respondido
Historial de tus puntuaciones
No has intentado esta prueba.